[Event "Mogliano Veneto op-B 43th"]
[Site "Mogliano Veneto"]
[Date "2023.04.23"]
[Round "2"]
[White "Gazzato, Nicolo"]
[Black "Gambarotto, Paolo"]
[Result "1-0"]
[WhiteElo "1375"]
[BlackElo "1320"]
[PlyCount "103"]
[EventDate "2023.04.23"]
[EventType "swiss"]
[EventRounds "5"]
[EventCountry "ITA"]
[SourceTitle "EXT 2024"]
[Source "ChessBase"]
[SourceDate "2023.10.10"]
[SourceVersion "1"]
[SourceVersionDate "2023.10.10"]
[SourceQuality "1"]

1. e4 c6 2. d4 d5 3. e5 Bf5 4. h4 h5 5. Bd3 Bxd3 6. Qxd3 e6 7. Nf3 Be7 8. Be3 Nd7 9. Nbd2 Nh6 10. Bxh6 Rxh6 11. 0-0-0 Qb6 12. Ng5 c5 13. Qf3 f5 14. Nb3 cxd4 15. Nxd4 Nxe5 16. Qe2 Nc4 17. c3 Kd7 18. Ndxe6 Bxg5+ 19. Nxg5 Rd6 20. Rhe1 Kc7 21. b3 Na3 22. Ne6+ Kd7 23. Nxg7 Qc5 24. Qf3 Rc8 25. Qxf5+ Kc7 26. Re3 Kb6 27. Kd2 Nb5 28. Rc1 Qa3 29. Qxc8 d4 30. cxd4 Rxd4+ 31. Rd3 Qxa2+ 32. Rc2 Rxd3+ 33. Kxd3 Qxb3+ 34. Rc3 Qd1+ 35. Ke3 Qe1+ 36. Kf3 Qxc3+ 37. Qxc3 Nxc3 38. Nxh5 Nd5 39. Ke4 Kc5 40. Ng3 a5 41. Ne2 b5 42. Kd3 a4 43. Kc2 Kc4 44. h5 b4 45. h6 b3+ 46. Kb1 Nf6 47. g4 Nh7 48. f4 Kd3 49. g5 Nf8 50. f5 Kxe2 51. g6 Kd2 52. g7 1-0